Hrad Blatnica

Bibliographic Details
Format: Image
Language:English
PhysicalDescription:1 s.
Published: [S.l.] Cincík [s.a.]

MARC

LEADER 00000nkm a2200000 a 4500
001 vtls010027181
003 SK-MaSNL
005 20260224123056.0
008 200701 000 vleng
040 |a SNK  |b slo  |c SNK  |e AACR2 
245 1 0 |a Hrad Blatnica  |h grafika 
260 |a [S.l.]  |b Cincík  |c [s.a.] 
300 |a 1 s. 
500 |a pohľadnica 
958 |a GBN 
999 |c 1004197  |d 1006127 
952 |a SNK  |b SNK  |y PREZ  |7 0  |p 17A0636280  |o snkSP 52007  |3 rekatalogizácia  |0 0  |1 0  |4 0  |d 2009-12-02  |l 0  |r 2026-02-24 12:30:56  |w 2026-02-24